R on the application of the Trustees of the Friends of the Lake District v SoS Environment Transport and the Regions (Record no. 70263)
[ view plain ]
| 000 -LEADER | |
|---|---|
| fixed length control field | 00877cam a2200181 4500 |
| 001 - CONTROL NUMBER | |
| control field | X117977 |
| 008 - FIXED-LENGTH DATA ELEMENTS--GENERAL INFORMATION | |
| fixed length control field | 020515n2002 000 0 eng u |
| 035 ## - SYSTEM CONTROL NUMBER | |
| System control number | (Sirsi) u117977 |
| 245 ## - TITLE STATEMENT | |
| Title | R on the application of the Trustees of the Friends of the Lake District v SoS Environment Transport and the Regions |
| 260 ## - PUBLICATION, DISTRIBUTION, ETC. | |
| Date of publication, distribution, etc. | 2002 |
| 490 ## - SERIES STATEMENT | |
| Series statement | Journal of Planning and Environment Law |
| Volume/sequential designation | [2002] JPL 72-87( |
| 520 ## - SUMMARY, ETC. | |
| Summary, etc. | QBD 3 April 2001. Decision to call in planning application under Town and Country Planning Act 1990 s77. Change in circumstances. Whether SoS could revoke the directiOn to call in legitimate expectation (Taken from abstract) |
| 650 ## - SUBJECT ADDED ENTRY--TOPICAL TERM | |
| Topical term or geographic name entry element | PLANNING APPLICATIONS |
| 650 ## - SUBJECT ADDED ENTRY--TOPICAL TERM | |
| Topical term or geographic name entry element | TOWN AND COUNTRY PLANNING ACT 1990 S77 |
| 650 ## - SUBJECT ADDED ENTRY--TOPICAL TERM | |
| Topical term or geographic name entry element | R V SOS ENVIRONMENT EX P TRUSTEES OF THE FRIENDS OF THE LAKE DISTRICT |
| 690 ## - LOCAL SUBJECT ADDED ENTRY--TOPICAL TERM (OCLC, RLIN) | |
| Topical term or geographic name as entry element | Planning and development |
| 9 (RLIN) | 6259 |
| 942 ## - ADDED ENTRY ELEMENTS (KOHA) | |
| Suppress in OPAC | 0 |
| Withdrawn status | Lost status | Source of classification or shelving scheme | Damaged status | Not for loan | Home library | Current library | Shelving location | Date acquired | Total Checkouts | Full call number | Barcode | Date last seen | Copy number | Price effective from | Koha item type |
|---|---|---|---|---|---|---|---|---|---|---|---|---|---|---|---|
| Dewey Decimal Classification | London | London | Journal article | 15/05/2002 | X117977 | 117977-1001 | 06/08/2019 | 1 | 06/08/2019 | Journal article |